| 000 | 00730nam a2200241 a 4500 | ||
|---|---|---|---|
| 001 | BRCA_7238 | ||
| 005 | 20190320205749.0 | ||
| 008 | 240112s1947----mx-a######---#000-0#spa-# | ||
| 041 | _aspa | ||
| 044 | _amx | ||
| 050 | 4 |
_aF1219.3 .A7 _b.E62 1947 |
|
| 100 | 1 |
_aEnciso, Jorge _d1879-1969 _917935 |
|
| 245 | 1 | 0 |
_aSellos del antiguo México _cJorge Enciso; dibujos del autor. |
| 260 |
_aMéxico _bPolicolor _c1947 |
||
| 300 |
_aXX p. _bil.(algunas a color), 153 láminas _c31 cm. |
||
| 500 | _aTexto en español e inglés | ||
| 500 | _aP144 | ||
| 650 | 1 | 4 |
_aIndios de México _xArte _917936 |
| 650 | 1 | 4 |
_aIndios de México _eSellos (Numismática) _917937 |
| 651 | 4 |
_aMéxico _xAntiguedades _92765 |
|
| 902 | _aGFM | ||
| 942 |
_2lcc _cB |
||
| 999 |
_c6919 _d6919 |
||